Kvalita školy
Enregistré dans:
| Auteur principal: | |
|---|---|
| Autres auteurs: | |
| Format: | Manuscrit Livre |
| Publié: |
STU v Bratislave MTF UIPH KIPP,
2010
|
| Tags: |
Pas de tags, Soyez le premier à ajouter un tag!
|
MARC
| LEADER | 00000ntm a22000003a 4500 | ||
|---|---|---|---|
| 001 | stu221049 | ||
| 005 | 20160719160421.8 | ||
| 008 | 110209s2010----------------------------d | ||
| 040 | |a STU |b slo | ||
| 041 | 0 | ||
| 100 | 1 | |a Tomeček, Peter |4 aut | |
| 245 | 1 | |a Kvalita školy | |
| 260 | |b STU v Bratislave MTF UIPH KIPP, |c 2010 | ||
| 300 | |a 42 s | ||
| 700 | 1 | |a Krištofiaková, Lucia, |d 1982- |4 ths |u M220 |U MTF Ústav inžinierskej pedagogiky a humatitných vied |T MTF Katedra inžinierskej pedagogiky a psychológie |X 10112 |U M220 |Y M220 |7 A000010112 | |
| 996 | |c M*ZP-634 |l MMSKP |s P |a 0 |w stu221049_0001 | ||